000 00191 a2200109 4500
020 _a30008624
041 _aeng
100 _aNesbo, Jo
245 _aThe Leopard
942 _cBK
952 _71
999 _c19341
_d19341